| 000 | 01473nam a2200193 a 4500 | ||
|---|---|---|---|
| 001 | 18295405 | ||
| 008 | 170221s2014 ||||||||||||||||| || u | ||
| 010 | _a2014025558 | ||
| 020 | _a9780007533884 | ||
| 050 | _aPR 6063.C32E46 | ||
| 100 | _aMcCall Smith, Alexander | ||
| 245 | 1 | 0 |
_aEmma : a novel _cAlexander McCall Smith. |
| 260 |
_aLondon _bThe Borough Press _c2014 |
||
| 300 | _a361 p. | ||
| 350 | _a5.98 | ||
| 520 | _a"The summer after university, Emma Woodhouse returns home to the village of Highbury, where she will live with her health-conscious father until she is ready to launch her interior-design business and strike out on her own. In the meantime, she will do what she does best: offer guidance to those less wise in the ways of the world than herself. Happily, this summer brings many new faces to Highbury and into the sphere of Emma's not always perfectly felicitous council: Harriet Smith, a naive teacher's assistant at the ESL school run by the hippie-ish Mrs. Goddard; Frank Churchill, the attractive stepson of Emma's former governess; and, of course, the perfect Jane Fairfax. This Emma is wise, witty, and totally enchanting, and will appeal equally to Sandy's multitude of fans and the enormous community of wildly enthusiastic Austen aficionados"-- Provided by publisher. | ||
| 650 | _aENGLISH LANGUAGE | ||
| 995 |
_FCBU-MAIN LIBRARY (Kitwe) _M1 _UAVAILABLE _WFeb 21, 2017 _ZFiction Collection |
||
| 999 |
_c41748 _d41748 |
||